MARC details
| 000 -CABECERA |
| campo de control de longitud fija |
02631nam a2200301 4500 |
| 003 - IDENTIFICADOR DEL NÚMERO DE CONTROL |
| campo de control |
EC-UNACH |
| 005 - FECHA Y HORA DE LA ÚLTIMA TRANSACCIÓN |
| campo de control |
20251003122916.0 |
| 006 - CÓDIGOS DE INFORMACIÓN DE LONGITUD FIJA--CARACTERÍSTICAS DEL MATERIAL ADICIONAL |
| campo de control de longitud fija |
s||||gr|||| 00| 00 |
| 008 - DATOS DE LONGITUD FIJA--INFORMACIÓN GENERAL |
| campo de control de longitud fija |
150116t9999 mx r gr 000 0 spa d |
| 020 ## - NÚMERO INTERNACIONAL ESTÁNDAR DEL LIBRO |
| Número Internacional Estándar del Libro |
0-8151-6401-7 |
| 040 ## - FUENTE DE LA CATALOGACIÓN |
| Centro catalogador/agencia de origen |
EC-UNACH |
| Centro/agencia transcriptor |
EC-UNACH |
| 041 ## - CÓDIGO DE LENGUA |
| Código de lengua del texto/banda sonora o título independiente |
spa |
| 082 04 - NÚMERO DE LA CLASIFICACIÓN DECIMAL DEWEY |
| Número de edición |
23 |
| Número de clasificación |
658 |
| Número de documento/Ítem |
L001237 |
| 110 ## - ENTRADA PRINCIPAL--NOMBRE DE ENTIDAD CORPORATIVA |
| Nombre de entidad corporativa o nombre de jurisdicción como elemento de entrada |
Harcourt S.A |
| 245 ## - MENCIÓN DE TÍTULO |
| Título |
Administración y liderazgo en enfermería |
| 250 ## - MENCIÓN DE EDICIÓN |
| Mención de edición |
Quinta edición |
| 264 ## - Producción, publicación, distribución, fabricación y copyright |
| Lugar de producción, publicación, distribución, fabricación |
Madrid - España |
| Nombre del de productor, editor, distribuidor, fabricante |
Harcourt S.A |
| Fecha de de producción, publicación, distribución, fabricación o copyright |
1996 |
| 300 ## - DESCRIPCIÓN FÍSICA |
| Extensión |
523 páginas |
| Otras características físicas |
Figuras |
| 505 ## - NOTA DE CONTENIDO CON FORMATO |
| Nota de contenido con formato |
PARTE UNO PLANIFICACIÓN --<br/>Capítulo 1. Planificación estratégica y operativa --<br/>Objetivos del capítulo --<br/><br/>Principales conceptos y definiciones --<br/>Proceso de planificación --<br/>Historia de la planificación estratégica -- Propósito de la planificación estratégica, --<br/>Proceso de la planificación estratégica --<br/>Propósito o establecimiento de la misión --<br/>Filosofía --<br/>Planteamientos de finalidad y objetivos --<br/>Estudio de un caso,<br/>Consideraciones básicas y actividades de aprendiz --<br/>Capítulo 2. Proceso de toma de decisiones --<br/>Objetivos del capítulo --<br/>Principales conceptos y definiciones --<br/>Proceso de toma de decisiones --<br/>Identificar el problema y analizar la situación<br/>Examen de las alternativas --<br/>PARTE DOS ORGANIZACIÓN<br/>Capítulo 8. Estructura organizativa --<br/>Objetivos del capítulo --<br/>Principales conceptos y definiciones --<br/>Estructura organizativa --<br/>Estructura burocrática --<br/>Modelos organizativos adaptables --<br/>Estudio de un caso --<br/>Consideraciones básicas y actividades de aprendizaje --<br/>Capítulo 9. Conceptos organizativos --<br/>Objetivos del capítulo -- Principales conceptos y definiciones --<br/>Organigrama --<br/>Área de administración --<br/>Estructuras horizontales y verticales, 142 Descentralización frente a centralización --<br/>Fusiones --<br/>Relaciones línea-plantilla --<br/>Estudio de un caso --<br/>Consideraciones básicas y actividades de aprendizaje,<br/>Capítulo 10. Cultura organizativa --<br/>Objetivos del capítulo --<br/>Principales conceptos y definiciones --<br/>Cultura organizativa --<br/>Políticas --<br/>Procedimientos --<br/>Estudio de un caso --<br/>Consideraciones básicas y actividades de aprendizaje,<br/>Capítulo 11. Cambio organizativo --<br/>Objetivos del capítulo --<br/>Principales conceptos y definiciones.<br/> |
| 650 ## - PUNTO DE ACCESO ADICIONAL DE MATERIA--TÉRMINO DE MATERIA |
| Término de materia o nombre geográfico como elemento inicial |
GESTIÓN ENFERMERÍA |
| 650 ## - PUNTO DE ACCESO ADICIONAL DE MATERIA--TÉRMINO DE MATERIA |
| Término de materia o nombre geográfico como elemento inicial |
ADMINISTRACIÓN HOSPITALES |
| 650 ## - PUNTO DE ACCESO ADICIONAL DE MATERIA--TÉRMINO DE MATERIA |
| Término de materia o nombre geográfico como elemento inicial |
ESTRUCTURA ORGANIZATIVA DE ENFERMERÍA |
| 700 ## - PUNTO DE ACCESO ADICIONAL--NOMBRE DE PERSONA |
| Nombre de persona |
Marriner-Tomey, Ann |
| 942 ## - ELEMENTOS DE PUNTO DE ACCESO ADICIONAL (KOHA) |
| Fuente del sistema de clasificación o colocación |
Clasificación Decimal Dewey |
| Tipo de ítem Koha |
Libros |
| 999 ## - NÚMEROS DE CONTROL DE SISTEMA (KOHA) |
| Koha biblionumber |
13971 |